1929 1382 1658 1862 1440 1692 1186 1286 1806 1890 1448 1111 1134 1440 1632 1114 1413 1375 1292 1468 1011 1324 1756 1338 1563 1553 1961 1453 1100 1608 1114 1292 1218 1599 1904 1241 1227 1113 1175 1545 1680 1750 1763 1735 1097 1594 1064 1739 1553 1792 1405 1372 1600 1617 1938 1514 1260 1257 1468 1885 1334 1776 1365 1681 1853 1375 1507 1891 1233 1882 1669 1788 1660 1952 1036 1692 1316 1770 1984 1600 1923 1094 1722 1535 1492 1124 1813 1090 1957 1600 1879 1364 1761 1876 1583 1580 1449 1935 1658 BCNSPRNW ULIB Ver.6.0+V

เปลี่ยนเป็นภาษาไทย

Change to English
 แสดงรายละเอียดบรรณานุกรม
  กลับหน้าหลัก

Brief Record : Get Marc (ISO 2709) : E-mail record : QR code < ปิดหน้าต่าง
LEADER : 00000nam 2200000uu 4500
001    13399126840
003     ULIB
008    020711s2559 th a 000 0 tha d
060    วจ^aWY18^bส873ก
100    ^aสุภาเพ็ญ ปาณะวัฒนพิสุทธ์, สุชาดา อินทรกำแหง ณ ราชสีมา, ศรีวรรณ สุพรรณสาร และเจริญ บุญมี
245    ^aการวิเคราะห์ต้นทุนการผลิตพยาบาลวิชาชีพของวิทยาลัยพยาบาลบรมราชชนนีสวรรค์ประชารักษ์ นครสวรรค์
260    ^aนครสวรรค์ :^bวิทยาลัยพยาบาลบรมราชชนนีสวรรค์ประชารักษ์ นครสวรรค์,^c2559
300    ^a53 หน้า
650    ^aการศึกษา^xการวิเคราะห์ต้นทุน
710    ^aวิทยาลัยพยาบาลบรมราชชนนีสวรรค์ประชารักษ์ นครสวรรค์ สถาบันพระบรมราชชนก สำนักงานปลัดกระทรวง กระทรวงสาธารณสุข
945    ^p0^l0^i005499
999    ^aประนอม เกษจรัล
รายการนี้ยังไม่มีแท็ก
คุณยังไม่ได้ล็อกอิน คุณสามารถมีกิจกรรมร่วมกับเว็บไซต์ได้ แต่ต้องล็อกอินก่อน ::
  ล็อกอิน

รายการสื่อสารสนเทศ

ลำดับที่ ประเภท เลขเรียก/บาร์โค้ด สถานที่ สถานะ
1. Book การพยาบาล
Book การพยาบาล
วจ WY18 ส873ก ฉ.1 
  Barcode: 005499
ห้องสมุดวิทยาเขตสวรรค์ประชารักษ์
►หนังสือทั่วไป
บนชั้น

BibComment


ยังไม่เคยถูกคอมเมนท์

คอมเมนท์ทรัพยากรรายการนี้
  คอมเมนท์: การวิเคราะห์ต้นท..


 Copyright 2026. Bcnsprnw @Library